<?xml version="1.0" encoding="UTF-8"?>
<marc:record xmlns:marc="http://www.loc.gov/MARC21/slim">
   <marc:leader>00000nam a2200000 a 4500</marc:leader>
   <marc:datafield ind1="1" ind2=" " tag="100">
      <marc:subfield code="a">Söder, Sonja</marc:subfield>
      <marc:subfield code="4">ctb</marc:subfield>
      <marc:subfield code="e">Mitwirkende/-r</marc:subfield>
   </marc:datafield>
   <marc:datafield ind1="1" ind2=" " tag="100">
      <marc:subfield code="a">Schlösser, Peter</marc:subfield>
      <marc:subfield code="4">ctb</marc:subfield>
      <marc:subfield code="e">Mitwirkende/-r</marc:subfield>
   </marc:datafield>
   <marc:datafield ind1="1" ind2=" " tag="100">
      <marc:subfield code="a">Nau, Anneli</marc:subfield>
      <marc:subfield code="4">ctb</marc:subfield>
      <marc:subfield code="e">Mitwirkende/-r</marc:subfield>
   </marc:datafield>
   <marc:datafield ind1=" " ind2=" " tag="653">
      <marc:subfield code="a">Yoga</marc:subfield>
   </marc:datafield>
   <marc:datafield ind1=" " ind2=" " tag="653">
      <marc:subfield code="a">Heilverfahren</marc:subfield>
   </marc:datafield>
   <marc:datafield ind1=" " ind2=" " tag="653">
      <marc:subfield code="a">Übungssammlung</marc:subfield>
   </marc:datafield>
   <marc:datafield ind1="0" ind2="0" tag="245">
      <marc:subfield code="a">WOYO</marc:subfield>
   </marc:datafield>
   <marc:datafield ind1="0" ind2="0" tag="245">
      <marc:subfield code="b">Workout-Yoga ; das moderne Yoga-Training ; [jetzt neu mit "Blick unter die Haut" und zusätzlichen Anatomie-Infos</marc:subfield>
   </marc:datafield>
   <marc:datafield ind1="0" ind2="0" tag="245">
      <marc:subfield code="c">Sonja Söder ; Peter Schlösser. [Ill.: Anneli Nau</marc:subfield>
   </marc:datafield>
   <marc:datafield ind1=" " ind2="1" tag="264">
      <marc:subfield code="a">München</marc:subfield>
      <marc:subfield code="b">Copress Sport</marc:subfield>
      <marc:subfield code="c">2009</marc:subfield>
   </marc:datafield>
   <marc:datafield ind1=" " ind2=" " tag="250">
      <marc:subfield code="a">2., überarb. und erg. Aufl.</marc:subfield>
   </marc:datafield>
   <marc:datafield ind1="1" ind2=" " tag="520">
      <marc:subfield code="a">Angaben aus der Verlagsmeldung

WOYO – Workout Yoga : Das moderne Yoga-Training - Jetzt neu mit Blick unter die Haut und zusätzlichen Anatomie-Infos / von Sonja Söder, Stefan Hüsgen, Peter Schlösser

WOYO® steht für die Kombination von Workout und Yoga und ist ein Trainings-Programm, welches Grundgedanken, Methoden, Übungsformen und Hilfsmittel aus den Bereichen des Yoga mit einem modernen Fitness-Workout verbindet. Die Schwerpunkte liegen auf Muskelkräftigung, Haltungsverbesserung, Mobilisation, Flexibilität und Entspannung. In WOYO® kommen Hilfsmittel wie Matten, Decken, Gurte oder Blöcke zum Einsatz, um jeden Teilnehmer auf individuelle Weise in die Übungspositionen zu führen. Die Bandbreite der Übungen ist durch den Einsatz der Hilfsmittel ungleich größer als bei allen anderen Trainings-Formen. Die ausführliche und präzise Bebilderung erleichtert das Nachvollziehen des breit gefächerten Übungskatalogs.
</marc:subfield>
   </marc:datafield>
   <marc:datafield ind1=" " ind2=" " tag="020">
      <marc:subfield code="a">9783767909397</marc:subfield>
      <marc:subfield code="9">9783767909397</marc:subfield>
   </marc:datafield>
   <marc:datafield ind1=" " ind2=" " tag="041">
      <marc:subfield code="a">ger</marc:subfield>
   </marc:datafield>
   <marc:datafield ind1=" " ind2=" " tag="300">
      <marc:subfield code="a">192 S.</marc:subfield>
   </marc:datafield>
</marc:record>
